| 000 -LEADER |
| fixed length control field |
00561nam a2200181Ki 4500 |
| 040 ## - CATALOGING SOURCE |
| Transcribing agency |
GPO |
| 082 ## - DEWEY DECIMAL CLASSIFICATION NUMBER |
| Classification number |
333 JAY 2019 C106 Or. |
| 100 1# - MAIN ENTRY--AUTHOR NAME |
| Personal name |
Dianda, Marcella R |
| 245 10 - TITLE STATEMENT |
| Title |
Vision and reality : |
| Remainder of title |
a first-year look at California's charter schools / |
| 300 ## - PHYSICAL DESCRIPTION |
| Number of Pages |
1 v |
| 500 ## - GENERAL NOTE |
| General note |
Distributed to depository libraries in microfiche |
| 500 ## - GENERAL NOTE |
| General note |
Shipping list numbers: 95-0310-M |
| 650 #0 - SUBJECT ADDED ENTRY--TOPICAL TERM |
| Topical Term |
Free schools |
| 650 #0 - SUBJECT ADDED ENTRY--TOPICAL TERM |
| Topical Term |
School-based management |
| 700 1# - ADDED ENTRY--PERSONAL NAME |
| Personal name |
Corwin, Ronald G |
| 710 2# - ADDED ENTRY--CORPORATE NAME |
| Corporate name or jurisdiction name as entry element |
Educational Resources Information Center (U.S.) |
| 942 ## - ADDED ENTRY ELEMENTS (KOHA) |
| Koha item type |
ADB |
| 952 ## - LOCATION AND ITEM INFORMATION (KOHA) |
| Withdrawn status [LOCAL, KOHA] |
0 |